000 00737nam a2200217Ii 4500
003 JO-AjNU
008 230605s9999||||xx |||||||||||||| ||und||
017 _a1985/12/587
040 _aJO-AjNU
_bara
_erda
_cJO-AjNU
041 _aara
050 1 4 _aHD69.C6.A2764.1986
100 3 _aابو شيخة، نادر احمد,
_eauthor
_945812
245 0 0 _aادارة الاستشارات
250 _aط1
264 3 1 _aعمان:دار مجدلاوي للنشر والتوزيع،1986
300 _a179ص
336 _atext
_btxt
_2rdacontent
337 _aunmediated
_bn
_2rdamedia
338 _avolume
_bnc
_2rdacarrier
650 4 _aالاستشارات الادارية-التنمية الادارية-ادارة الاعمال
_945813
999 _aA19885
_c23453
_d23453